al-Tuḥfah al-Lūkāsīyah. (Record no. 47296)
[ view plain ]
| 000 -LEADER | |
|---|---|
| fixed length control field | 00560cam a22002171 4500 |
| 001 - CONTROL NUMBER | |
| control field | ne 64002022 |
| 003 - CONTROL NUMBER IDENTIFIER | |
| control field | DLC |
| 005 - DATE AND TIME OF LATEST TRANSACTION | |
| control field | 20260227111803.0 |
| 008 - FIXED-LENGTH DATA ELEMENTS--GENERAL INFORMATION | |
| fixed length control field | 890515q19001964xx ac 000 0 ara |
| 010 ## - LIBRARY OF CONGRESS CONTROL NUMBER | |
| LC control number | ne 64002022 |
| 035 ## - SYSTEM CONTROL NUMBER | |
| System control number | (OCoLC)23505496 |
| 040 ## - CATALOGING SOURCE | |
| Original cataloging agency | DLC |
| Transcribing agency | MiU |
| Modifying agency | DLC |
| 042 ## - AUTHENTICATION CODE | |
| Authentication code | premarc |
| 050 00 - LIBRARY OF CONGRESS CALL NUMBER | |
| Classification number | BR123 |
| Item number | .L84 |
| 100 0# - MAIN ENTRY--PERSONAL NAME | |
| Personal name | Lūkās, |
| Titles and words associated with a name | Bp. of Manfalūt and Abnūb, |
| Dates associated with a name | 1900- |
| 245 13 - TITLE STATEMENT | |
| Title | al-Tuḥfah al-Lūkāsīyah. |
| 260 ## - PUBLICATION, DISTRIBUTION, ETC. | |
| Date of publication, distribution, etc. | 19 |
| 300 ## - PHYSICAL DESCRIPTION | |
| Extent | v. |
| Other physical details | illus., port. |
| Dimensions | 21 cm. |
| 500 ## - GENERAL NOTE | |
| General note | Romanized. |
| 650 #0 - SUBJECT ADDED ENTRY--TOPICAL TERM | |
| Topical term or geographic name entry element | Christianity |
| Chronological subdivision | 20th century. |
No items available.